000 00673cam a2200193 4500500
005 20260405004500.0
041 _afre
042 _adc
100 1 0 _aBaudrant, Annie
_eauthor
700 1 0 _aBernot, Kevin
_eauthor
700 1 0 _aBurgot, Gwenola
_eauthor
700 1 0 _aChampion, Yannick
_eauthor
700 1 0 _aMazaleyrat, Frédéric
_eauthor
700 1 0 _aMonsan, Pierre
_eauthor
700 1 0 _aThorel, Alain
_eauthor
245 0 0 _aInnovations en analyses et mesures
260 _bTechniques de l'ingénieur,
_c2025.
856 4 1 _uhttps://stm.cairn.info/techniques-de-l-ingenieur-innovations-en-analyses-et-mesures--42112210?lang=fr&redirect-ssocas=7080
999 _c2076678
_d2076679